<?xml version="1.0" encoding="UTF-8"?>
<collection xmlns="http://www.loc.gov/MARC21/slim">
 <record>
  <leader>00624pamaa2200205   4500</leader>
  <controlfield tag="001">0000049109</controlfield>
  <controlfield tag="005">20130314090000.0</controlfield>
  <controlfield tag="008">110602                             eng  </controlfield>
  <datafield tag="020" ind1="0" ind2="0">
   <subfield code="a">9789675040603 </subfield>
  </datafield>
  <datafield tag="082" ind1=" " ind2=" ">
   <subfield code="a">346.5950682 MOH</subfield>
  </datafield>
  <datafield tag="090" ind1="0" ind2="0">
   <subfield code="a">KPG953.5 </subfield>
   <subfield code="b">MOH 2010</subfield>
  </datafield>
  <datafield tag="100" ind1="1" ind2="0">
   <subfield code="a">Mohammad Rizal Salim </subfield>
  </datafield>
  <datafield tag="245" ind1="1" ind2="0">
   <subfield code="a">Malaysian Law on Partnership  </subfield>
   <subfield code="c">Mohammad Rizal Salim.</subfield>
  </datafield>
  <datafield tag="250" ind1="0" ind2="0">
   <subfield code="a">2nd ed.</subfield>
  </datafield>
  <datafield tag="260" ind1="0" ind2="0">
   <subfield code="a">Petaling Jaya: </subfield>
   <subfield code="b">Sweet and Maxwell Asia, </subfield>
   <subfield code="c">2010.</subfield>
  </datafield>
  <datafield tag="300" ind1=" " ind2=" ">
   <subfield code="a">xxix, 355p.; </subfield>
   <subfield code="c">26 cm.</subfield>
  </datafield>
  <datafield tag="501" ind1="0" ind2="0">
   <subfield code="a">DLLUK</subfield>
  </datafield>
  <datafield tag="650" ind1="0" ind2="0">
   <subfield code="a">Partnership -- </subfield>
   <subfield code="x">Malaysia </subfield>
  </datafield>
  <datafield tag="650" ind1="0" ind2="0">
   <subfield code="a">Law Partnership -- </subfield>
   <subfield code="x">Malaysia </subfield>
  </datafield>
  <datafield tag="901" ind1=" " ind2=" ">
   <subfield code="u">http://www.sweetandmaxwell.com</subfield>
  </datafield>
 </record>
</collection>
